Statistiques concernant Incollable #54 - Découverte du monde

Cliquez ici pour prendre le quiz!

Statistiques générales

  • Ce quiz a été pris 280 fois
    (225 depuis la dernière actualisation)
  • Le résultat moyen est 8 sur 11

Statistiques - réponses

NiveauxQuestionsRéponses% Correct
CPMon premier contient le dentifrice.
Mon second est la première lettre de l’alphabet.
Avec mon tout, on peut respirer sous l’eau.
Le tuba
96%
CE1Quel doigt se trouve entre le majeur et l’auriculaire ?L’annulaire
87%
CE2Sur quel continent se trouve le Pôle Sud ?L’Antarctique
79%
CM2Dans quelle mer peut-on se baigner lorsque l’on se trouve en Belgique ?La mer du Nord
78%
CM1Quel est le fruit de l’arachide ?La cacahouète | La cacahuète
72%
CollègeJe me trouve de chaque côté du nez.
Je suis aussi l’un des éléments d’un avion.
Que suis-je ?
L’aile
71%
CE1Qu’est ce qu’un ORL ?Un médecin (l’Oto-Rhino-Laryngologiste, qui soigne le nez, la gorge et les oreilles)
69%
CM1Qu’est ce qu’un glaïeul ?Une fleur
63%
LycéeComment appelle-t-on un petit avion télécommandé sans pilote ?Un drone
58%
CollègeComment appelle-t-on un avion dont la vitesse est supérieure à celle du son ?Un avion supersonique
55%
LycéeQuel est le lac le plus profond du monde ?Le lac Baïkal (en Russie)
24%

Distribution des résultats

Percentile par nombre de réponses

% des personnes avec chaque résultat

Votre développement - résultats

Vous n’avez pas pris ce quiz depuis la dernière actualisation